00808nam a2200241Ia 4500003000400000005001700004008004100021020001800062040000700080041000800087082001500095100004200110245005300152260003900205300001800244365001300262650002100275650003800296906005500334942001200389999001900401952014600420OSt20230405154528.0210423s2007 xx 000 0 und d a9788120317437 cAL aeng a333.7 SINK aSINGH (Katar);SHISHODIA (Anil)983773 aEnvironmental economics: theory and applications aNew DelhibSage Publicationsc2007 axviii,423bPB b350cINR aEconomics983774 aNatural Resources & Energy983775 aapplications ; economics: ; Environmental ; theory 2ddccBK c158164d158164 001040708ECOaSACPGbSACPGd2010-07-13eAthulya Booksg350.00l3m1o333.7 SINKpPG004641r2022-12-22 00:00:00s2022-12-14w2021-04-26yBK